| 000 | 00454nam a2200181Ia 4500 | ||
|---|---|---|---|
| 003 | OSt | ||
| 005 | 20230608112242.0 | ||
| 008 | 210423s2007 xx 000 0 und d | ||
| 040 | _cAL | ||
| 041 | _aeng | ||
| 082 |
_a616.89 _223 _b KAII |
||
| 100 |
_aKAILA (H L). _9122466 |
||
| 245 | _aIntroduction to psychology. | ||
| 260 |
_aDelhi _bA I T B S Publications _c2007 |
||
| 365 |
_b210 _cINR |
||
| 906 | _aIntroduction ; psychology. | ||
| 942 |
_2ddc _cBK |
||
| 999 |
_c175261 _d175261 |
||